| 000 | 00510nam a22002057a 4500 | ||
|---|---|---|---|
| 001 | 21528 | ||
| 005 | 20260311101128.0 | ||
| 008 | 260311b |||||||| |||| 00| 0 spa d | ||
| 041 | _aESP | ||
| 082 |
_a720.1 _bM84 |
||
| 100 | _aMontaner, Josep Maria | ||
| 245 | _aRenombrar la arquitectura en su evolución técnica, formal y ética | ||
| 260 |
_a : _b , _c2023 |
||
| 300 |
_a000 páginas : _b ; _c00 cm. |
||
| 440 | _a ; | ||
| 650 | _aGEN | ||
| 654 | _aCAU | ||
| 700 | _a; | ||
| 942 |
_cLIB _dJUS _fJUS _2ddc |
||
| 999 |
_c21528 _d21528 |
||